Naturally (Selena Gomez) - lyrics - Statistics

General Stats
  • This quiz has been taken 15 times
  • The average score is 235 of 252
Answer Stats
Answer % Correct
a
100%
A
100%
and
100%
And
100%
are
100%
comes
100%
do
100%
I
100%
it
100%
It
100%
It's
100%
its
100%
it's
100%
know
100%
me
100%
my
100%
naturally
100%
naturally,
100%
so
100%
the
100%
to
100%
When
100%
when
100%
you
100%
You
100%
(you
100%
your
100%
away
92%
baby
92%
Baby
92%
be
92%
breath
92%
can
92%
(every
92%
have
92%
in
92%
love
92%
takes
92%
thunder
92%
time)
92%
way
92%
what
92%
What
92%
who
92%
you're
92%
all
83%
am
83%
choose
83%
Everything
83%
express
83%
lightning
83%
meant
83%
tell
83%
with
83%
yourself
83%
dont
75%
exciting
75%
feel
75%
How
75%
inside
75%
own
75%
of
67%
try
67%
we
67%
yeah
67%
does)
58%
eyes
58%
follow
58%
look
58%
moving
58%
energy
50%
force
50%
nature
50%
collide,
42%
fly
33%
intuitive
33%
sparks
33%
No matching quizzes found
Score Distribution
Percent of People with Each Score
Percentile by Number Answered
Your Score History
You have not taken this quiz